000 01053nam a2200253Ia 4500
003 OSt
005 20220930095105.0
006 a|||||r|||| 00| 0
007 ta
008 220926b |||||||| |||| 00| 0 hin d
024 _a71702
037 _cTheses
040 _aCRL
_cCRL
_bhin
041 _2hin
_ahin
100 _aपटेल, मनीष, ले.
110 _aदिल्ली विश्वविद्यालय. कला संकाय. हिन्दी विभाग
245 0 _aभक्तिकालीन सामाजिक - वैचारिक द्वन्द्व और तुलसी का काव्य
246 _aBhaktikālīn sāmājik - vaichārik dvandva aur tulasī kā kāvya
260 _c2019
650 _aहिन्दी साहित्य
700 _aदिल्ली विश्वविद्यालय. कला संकाय. हिन्दी विभाग
942 _cDIS
_2CC
999 _c888311
_d888311